000 00807nam a2200205Ia 4500
001 14945
003 GE_BSU
008 181216s||||||||xx |||||||||||||| ||und||
040 _cGE_BSU
080 _a512
100 _aБордман,Дж.
245 _aГомотопически инвариантные алгебраические структуры на топологических пространствах
245 _cПод.ред.М.М.Постникова. Пер. с англ.С.Н. Малыгина
260 _aМосква
260 _bМир
260 _c1977
300 _a406стр.22см.
653 _aГомотопически инвариантные алгебраические структуры на топологических пространствах
942 _cBK
999 _c48065
_d48065